[Event "Australian-ch 2018"]
[Site "Sydney"]
[Date "2018.01.04"]
[Round "4"]
[White "Solomon, Stephen J"]
[Black "Ly, Moulthun"]
[Result "0-1"]
[WhiteElo "2365"]
[BlackElo "2480"]
[Annotator "TA"]
[PlyCount "55"]
[EventDate "2018.01.02"]
[EventType "tourn"]
[EventCountry "AUS"]
[SourceTitle "playchess.com"]
[Source "ChessBase"]
[SourceQuality "1"]

{[%evp 17,55,39,39,21,19,13,9,4,31,22,17,-19,10,-19,-29,-25,-34,-35,-21,-58,0,-73,-69,-43,-32,-57,-35,-28,-16,-118,0,-24,0,-10,37,0,-7,-574,-571,-535]} 1. e4 e5 2. Nf3 Nc6 3. Bb5 a6 4. Ba4 d6 5. O-O Bd7 6. c3 g6 7. d4 Bg7 8. Re1 b5 9. Bb3 Nf6 10. Bg5 {C79: Ruy Lopez: Steinitz-type lines with 3...a6 4 Ba4 Nf6 5 0-0 d6} (10. a4 O-O 11. h3 Re8 12. d5 Na5 13. Bc2 c6 14. b4 Nc4 15. dxc6 Bxc6 16. Nbd2 Nxd2 17. Bxd2 d5 18. axb5 axb5 19. Rxa8 Qxa8 20. exd5 Bxd5 {1-0 (29) Ni,H (2671)-Safarli,E (2639) Riadh 2017}) 10... h6 11. Bh4 O-O 12. a4 {The position is equal.} Rb8 13. axb5 axb5 14. Qd3 $146 ({Predecessor:} 14. Nbd2 Re8 15. dxe5 Nxe5 16. Nxe5 dxe5 17. Nf1 Rb6 {0-1 (38) Rasulov,V (2391)-Safarli,E (2564) Baku 2009}) 14... b4 {Strongly threatening ...bxc3.} 15. Nbd2 bxc3 16. bxc3 g5 17. Bg3 {[%cal Rd4e5]} Nh5 18. Ba4 Nxg3 (18... exd4 $1 $15 19. Nxd4 Nxd4 20. cxd4 Rb4 21. Bxd7 Rxd4) 19. hxg3 {[#]} (19. Bxc6 $1 $11 {keeps the balance.} Ne2+ 20. Qxe2 Bxc6 21. Rab1) 19... exd4 $1 $17 20. cxd4 {[%cal Bc3d4,Bd4d5][%mdl 32]} Nb4 21. Qc4 $1 Be6 $36 {[%mdl 2048] Black has good play.} 22. d5 $1 {[%cal Rd5e6]} Bc8 {White must now prevent ...Ba6.} 23. Bb3 (23. Ra3 $11) 23... Rb6 ({Black should try} 23... Bxa1 $17 24. Rxa1 Rb6) 24. Ra7 g4 25. Nh4 Qg5 26. Nf1 c5 {Threatening ...Ba6.} 27. Qc1 $2 {[%mdl 8192] [#]} (27. Qe2 $1 $11 {and White has nothing to worry.}) 27... Nd3 $19 28. Qd1 {Precision: White = 14%, Black = 50%.} 0-1

[Event "Australian-ch 2018"]
[Site "Sydney"]
[Date "2018.01.04"]
[Round "4"]
[White "Clarke, Brandon G I"]
[Black "Izzat, Kanan"]
[Result "1/2-1/2"]
[WhiteElo "2360"]
[BlackElo "2487"]
[Annotator "RC"]
[PlyCount "87"]
[EventDate "2018.01.02"]
[EventType "tourn"]
[EventCountry "AUS"]
[SourceTitle "playchess.com"]
[Source "ChessBase"]
[SourceQuality "1"]
[TimeControl "40/5400+30:1800+30"]

1. e4 {[%emt 0:00:00]} c5 {[%emt 0:07:01]} 2. Nf3 {[%emt 0:00:26]} e6 {[%emt 0:00:05]} 3. d4 {[%emt 0:00:14]} cxd4 {[%emt 0:00:06]} 4. Nxd4 {[%emt 0:00:05]} Nc6 {[%emt 0:00:05]} 5. Nc3 {[%emt 0:00:10]} d6 {[%emt 0:00:05]} 6. Be3 {[%emt 0:07:21]} a6 {[%emt 0:00:06]} 7. Qd2 {[%emt 0:00:19]} Nf6 {[%emt 0:01:01]} 8. O-O-O {[%emt 0:00:48]} Be7 {[%emt 0:16:33]} 9. f3 {[%emt 0:00:38]} Qc7 {[%emt 0:01:47]} 10. g4 {[%emt 0:02:19]} b5 {[%emt 0:07:11]} 11. g5 {[%emt 0:22:14]} Nd7 {[%emt 0:00:35]} 12. f4 {[%emt 0:00:41]} Nc5 {[%emt 0:09:42]} 13. Bxb5 {[%emt 0:02:48]} axb5 {[%emt 0:08:53]} 14. Ndxb5 {[%emt 0:00:32]} Qb7 {[%emt 0:16:09]} 15. Nxd6+ {[%emt 0:07:27]} Bxd6 {[%emt 0:00:06]} 16. Qxd6 {[%emt 0:00:05]} Na4 {[%emt 0:00:07]} 17. Nxa4 {[%emt 0:01:10]} Rxa4 {[%emt 0:00:02]} 18. a3 {[%emt 0:03:35]} Rxe4 {[%emt 0:00:34]} 19. Rd3 {[%emt 0:00:40]} f5 {[%emt 0:14:06]} 20. gxf6 {[%emt 0:05:39]} gxf6 {[%emt 0:00:02]} 21. Rhd1 {[%emt 0:01:00]} Rc4 {[%emt 0:07:07]} 22. b3 {[%emt 0:03:03]} Re4 {[%emt 0:00:16]} 23. Qc5 {[%emt 0:03:53]} Rg8 {[%emt 0:02:25]} 24. Rd6 {[%emt 0:02:00]} Ne7 {[%emt 0:01:58]} 25. Qh5+ {[%emt 0:18:46]} Ng6 {[%emt 0:00:01]} 26. f5 {[%emt 0:02:48]} exf5 {[%emt 0:05:05]} 27. Rd8+ {[%emt 0:05:49]} Kf7 {[%emt 0:00:02]} 28. Rxg8 {[%emt 0:01:04]} Rh4 {[%emt 0:00:02]} 29. Qxh4 {[%emt 0:00:31]} Nxh4 {[%emt 0:00:15]} 30. Rdd8 {[%emt 0:00:01]} f4 {[%emt 0:01:49]} 31. Rdf8+ {[%emt 0:01:32]} Ke6 {[%emt 0:00:09]} 32. Bd4 {[%emt 0:00:22]} Bd7 {[%emt 0:00:50]} 33. Rxf6+ {[%emt 0:00:23]} Kd5 {[%emt 0:00:00]} 34. Rxf4 {[%emt 0:01:00]} Ng6 {[%emt 0:00:43]} 35. c4+ {[%emt 0:00:06]} Kd6 {[%emt 0:00:04]} 36. Rf6+ {[%emt 0:00:20]} Ke7 {[%emt 0:01:52]} 37. Rg7+ {[%emt 0:00:23]} Ke8 {[%emt 0:00:20]} 38. Re6+ {[%emt 0:03:21]} Kf8 {[%emt 0:00:02]} 39. Rf6+ {[%emt 0:00:06]} Ke8 {[%emt 0:00:04]} 40. Rg8+ {[%emt 0:02:17]} Ke7 {[%emt 0:30:01]} 41. Rg7+ {[%emt 0:30:10]} Ke8 {[%emt 0:00:39]} 42. Rg8+ {[%emt 0:00:00]} Ke7 {[%emt 0:00:00]} 43. Rg7+ {[%emt 0:00:00]} Ke8 {[%emt 0:00:00]} 44. Rg8+ {[%emt 0:00:00]} 1/2-1/2

[Event "Australian-ch 2018"]
[Site "Sydney"]
[Date "2018.01.04"]
[Round "4"]
[White "Puccini, Jack"]
[Black "Cheng, Bobby"]
[Result "0-1"]
[WhiteElo "2278"]
[BlackElo "2504"]
[Annotator "RC"]
[PlyCount "90"]
[EventDate "2018.01.02"]
[EventType "tourn"]
[EventCountry "AUS"]
[SourceTitle "playchess.com"]
[Source "ChessBase"]
[SourceQuality "1"]
[TimeControl "40/5400+30:1800+30"]

1. e4 {[%emt 0:00:00]} e6 {[%emt 0:06:42]} 2. d4 {[%emt 0:00:00]} d5 {[%emt 0:00:02]} 3. Nc3 {[%emt 0:00:00]} Nf6 {[%emt 0:00:05]} 4. Bg5 {[%emt 0:00:13]} dxe4 {[%emt 0:00:09]} 5. Nxe4 {[%emt 0:00:12]} Be7 {[%emt 0:00:04]} 6. Bxf6 {[%emt 0:01:00]} gxf6 {[%emt 0:00:05]} 7. Qd3 {[%emt 0:02:51]} f5 {[%emt 0:08:29]} 8. Nc3 {[%emt 0:01:00]} Qd6 {[%emt 0:09:50]} 9. O-O-O {[%emt 0:04:02]} Nd7 {[%emt 0:01:02]} 10. Nf3 {[%emt 0:24:53]} a6 {[%emt 0:14:41]} 11. d5 {[%emt 0:11:28]} Qf4+ {[%emt 0:05:58]} 12. Kb1 {[%emt 0:02:05]} Nc5 {[%emt 0:18:55]} 13. Qe2 {[%emt 0:00:47]} Ne4 {[%emt 0:03:15]} 14. Qc4 {[%emt 0:04:18]} Bd6 {[%emt 0:06:35]} 15. Nxe4 {[%emt 0:12:06]} fxe4 {[%emt 0:00:19]} 16. Rd4 {[%emt 0:01:51]} f5 {[%emt 0:01:48]} 17. dxe6 {[%emt 0:26:01]} Ke7 {[%emt 0:02:16]} 18. Be2 {[%emt 0:02:19]} Bxe6 {[%emt 0:03:16]} 19. Qc3 Rhd8 {[%emt 0:06:22]} 20. g3 {[%emt 0:02:15]} Qh6 {[%emt 0:02:09]} 21. Nh4 {[%emt 0:00:05]} b6 {[%emt 0:04:28]} 22. Qc6 {[%emt 0:00:59]} Qf6 {[%emt 0:00:55]} 23. Rxd6 {[%emt 0:01:39]} cxd6 {[%emt 0:00:27]} 24. Qb7+ {[%emt 0:00:17]} Bd7 {[%emt 0:00:33]} 25. Rd1 {[%emt 0:00:18]} Rab8 {[%emt 0:02:32]} 26. Qxa6 {[%emt 0:00:07]} Bc6 {[%emt 0:01:07]} 27. Qa7+ {[%emt 0:00:50]} Rb7 {[%emt 0:00:24]} 28. Qa3 {[%emt 0:00:19]} Kf7 {[%emt 0:00:35]} 29. Qe3 {[%emt 0:00:46]} Re7 {[%emt 0:00:56]} 30. Bc4+ {[%emt 0:01:03]} d5 {[%emt 0:00:55]} 31. Bb3 {[%emt 0:00:04]} Bb7 {[%emt 0:00:30]} 32. Rd4 {[%emt 0:00:53]} f4 {[%emt 0:00:26]} 33. Qxf4 {[%emt 0:01:08]} Qxf4 {[%emt 0:00:05]} 34. gxf4 {[%emt 0:00:02]} Kf6 {[%emt 0:00:43]} 35. Kc1 {[%emt 0:00:37]} Rg7 {[%emt 0:00:43]} 36. h3 {[%emt 0:00:50]} Rg1+ {[%emt 0:00:35]} 37. Kd2 {[%emt 0:00:06]} Rh1 {[%emt 0:00:22]} 38. Ng2 {[%emt 0:00:25]} Rh2 {[%emt 0:00:23]} 39. Ne3 {[%emt 0:00:53]} Rxf2+ {[%emt 0:00:05]} 40. Ke1 {[%emt 0:00:46]} Rxf4 {[%emt 0:30:51]} 41. Rb4 {[%emt 0:09:01]} Rd6 {[%emt 0:00:00]} 42. c3 {[%emt 0:01:52]} Rf3 {[%emt 0:00:00]} 43. Kd2 {[%emt 0:03:10]} Rxh3 {[%emt 0:00:00]} 44. a4 {[%emt 0:00:34]} Rh2+ {[%emt 0:00:00]} 45. Kc1 {[%emt 0:00:25]} Re2 {[%emt 0:00:00]} 0-1

[Event "Australian-ch 2018"]
[Site "Sydney"]
[Date "2018.01.04"]
[Round "4"]
[White "Zhang, Jilin"]
[Black "Asaka, Samuel"]
[Result "1/2-1/2"]
[WhiteElo "2267"]
[BlackElo "1959"]
[Annotator "ChessBase"]
[PlyCount "50"]
[EventDate "2018.01.02"]
[EventType "tourn"]
[EventCountry "AUS"]
[SourceTitle "playchess.com"]
[Source "ChessBase"]
[SourceQuality "1"]
[TimeControl "40/5400+30:1800+30"]

1. e4 c6 2. d4 d5 3. Nc3 dxe4 4. Nxe4 Bf5 5. Ng3 Bg6 6. h4 h6 7. Nf3 Nd7 8. h5 Bh7 9. Bd3 Bxd3 10. Qxd3 e6 11. Bd2 Ngf6 12. O-O-O Be7 13. Qe2 c5 14. Rhe1 cxd4 15. Nf5 exf5 16. Ba5 b6 17. Nxd4 Kf8 18. Nc6 Qe8 19. Qb5 Ne4 20. Nxe7 Ndc5 21. Qxe8+ Rxe8 22. Bb4 Kxe7 23. Bxc5+ bxc5 24. f3 Kf6 25. fxe4 Rxe4 1/2-1/2

[Event "Australian-ch 2018"]
[Site "Sydney"]
[Date "2018.01.04"]
[Round "4"]
[White "Nakauchi, Gene"]
[Black "Guichard, Pauline"]
[Result "1-0"]
[WhiteElo "2208"]
[BlackElo "2269"]
[Annotator "ChessBase"]
[PlyCount "69"]
[EventDate "2018.01.02"]
[EventType "tourn"]
[EventCountry "AUS"]
[SourceTitle "playchess.com"]
[Source "ChessBase"]
[SourceQuality "1"]
[TimeControl "40/5400+30:1800+30"]

1. d4 {[%emt 0:00:00]} d6 {[%emt 0:04:23]} 2. e4 {[%emt 0:00:00]} g6 {[%emt 0:00:08]} 3. Nf3 {[%emt 0:00:26]} Bg7 {[%emt 0:00:08]} 4. Nc3 {[%emt 0:02:30]} a6 {[%emt 0:00:16]} 5. a4 {[%emt 0:03:24]} Nf6 {[%emt 0:01:33]} 6. Bc4 {[%emt 0:10:22]} O-O {[%emt 0:01:45]} 7. O-O {[%emt 0:01:29]} Nxe4 {[%emt 0:03:36]} 8. Bxf7+ {[%emt 0:00:49]} Rxf7 {[%emt 0:00:11]} 9. Nxe4 {[%emt 0:00:05]} d5 {[%emt 0:00:11]} 10. Neg5 {[%emt 0:00:36]} Rf8 {[%emt 0:01:21]} 11. Re1 {[%emt 0:00:24]} Qd6 {[%emt 0:01:28]} 12. Qe2 {[%emt 0:04:23]} Nc6 {[%emt 0:01:27]} 13. c3 {[%emt 0:00:22]} h6 {[%emt 0:13:18]} 14. Ne6 {[%emt 0:00:31]} Bxe6 {[%emt 0:00:14]} 15. Qxe6+ {[%emt 0:00:06]} Qxe6 {[%emt 0:00:05]} 16. Rxe6 {[%emt 0:00:05]} Kf7 {[%emt 0:00:29]} 17. Re2 {[%emt 0:00:46]} g5 {[%emt 0:00:08]} 18. h4 {[%emt 0:00:47]} g4 {[%emt 0:02:27]} 19. Nh2 {[%emt 0:00:37]} h5 {[%emt 0:00:25]} 20. Bf4 {[%emt 0:00:55]} Bf6 {[%emt 0:04:08]} 21. f3 {[%emt 0:06:58]} gxf3 {[%emt 0:08:08]} 22. Nxf3 {[%emt 0:00:12]} Rac8 {[%emt 0:00:04]} 23. Ng5+ {[%emt 0:01:18]} Bxg5 {[%emt 0:03:33]} 24. Bxg5 {[%emt 0:00:11]} Rce8 {[%emt 0:02:41]} 25. Bh6 {[%emt 0:02:57]} Rh8 {[%emt 0:01:40]} 26. Rf1+ {[%emt 0:00:15]} Kg8 {[%emt 0:01:37]} 27. Bf4 {[%emt 0:02:59]} Rc8 {[%emt 0:02:26]} 28. Be5 {[%emt 0:03:43]} Rh7 {[%emt 0:06:07]} 29. Rf5 {[%emt 0:01:33]} e6 {[%emt 0:02:37]} 30. Rf6 {[%emt 0:00:47]} Rf8 {[%emt 0:08:55]} 31. Rxe6 {[%emt 0:00:36]} Rf5 {[%emt 0:00:13]} 32. Re8+ {[%emt 0:00:56]} Kf7 {[%emt 0:00:20]} 33. Bxc7 {[%emt 0:00:16]} Rg7 {[%emt 0:01:37]} 34. Bd6 {[%emt 0:00:39]} Kg6 {[%emt 0:01:06]} 35. Be5 {[%emt 0:06:07]} 1-0

[Event "Australian-ch 2018"]
[Site "Sydney"]
[Date "2018.01.04"]
[Round "4"]
[White "Loh, Zachary"]
[Black "Morris, James"]
[Result "0-1"]
[WhiteElo "2193"]
[BlackElo "2477"]
[Annotator "ChessBase"]
[PlyCount "168"]
[EventDate "2018.01.02"]
[EventType "tourn"]
[EventCountry "AUS"]
[SourceTitle "playchess.com"]
[Source "ChessBase"]
[SourceQuality "1"]
[TimeControl "40/5400+30:1800+30"]

1. e4 {[%emt 0:00:00]} e5 {[%emt 0:00:54]} 2. Nf3 {[%emt 0:00:00]} Nc6 {[%emt 0:00:44]} 3. d4 {[%emt 0:02:55]} exd4 {[%emt 0:01:56]} 4. Nxd4 {[%emt 0:00:16]} Nf6 {[%emt 0:01:16]} 5. Nxc6 {[%emt 0:00:27]} bxc6 {[%emt 0:00:04]} 6. Bd3 {[%emt 0:06:04]} d6 {[%emt 0:11:19]} 7. O-O {[%emt 0:05:11]} g6 {[%emt 0:04:47]} 8. Bg5 {[%emt 0:02:46]} Bg7 {[%emt 0:06:21]} 9. Nd2 {[%emt 0:07:48]} h6 {[%emt 0:06:53]} 10. Bh4 {[%emt 0:00:45]} O-O {[%emt 0:00:06]} 11. c3 {[%emt 0:11:19]} g5 {[%emt 0:17:19]} 12. Bg3 {[%emt 0:03:11]} Rb8 {[%emt 0:00:19]} 13. Qc2 {[%emt 0:06:56]} Nh5 {[%emt 0:02:28]} 14. Nc4 {[%emt 0:06:26]} Nf4 {[%emt 0:11:09]} 15. Ne3 {[%emt 0:10:30]} Nxd3 {[%emt 0:11:20]} 16. Qxd3 {[%emt 0:01:18]} Rxb2 {[%emt 0:00:01]} 17. f4 {[%emt 0:00:12]} Qf6 {[%emt 0:01:41]} 18. e5 {[%emt 0:07:31]} dxe5 {[%emt 0:03:42]} 19. fxe5 {[%emt 0:00:24]} Qd8 {[%emt 0:02:27]} 20. Qe4 {[%emt 0:02:18]} Be6 {[%emt 0:07:23]} 21. Rad1 {[%emt 0:02:32]} Rd2 {[%emt 0:01:04]} 22. h4 {[%emt 0:06:12]} Rxd1 {[%emt 0:01:35]} 23. Rxd1 {[%emt 0:00:19]} Qe7 {[%emt 0:00:19]} 24. Nf5 {[%emt 0:04:32]} Bxf5 {[%emt 0:01:30]} 25. Qxf5 {[%emt 0:00:01]} gxh4 {[%emt 0:00:24]} 26. Bf4 {[%emt 0:02:01]} Qc5+ {[%emt 0:03:04]} 27. Kh2 {[%emt 0:00:48]} Qxc3 {[%emt 0:00:19]} 28. Rc1 {[%emt 0:02:22]} Qd4 {[%emt 0:03:14]} 29. Rxc6 {[%emt 0:01:34]} Qd5 {[%emt 0:00:04]} 30. Rxc7 {[%emt 0:04:55]} Qxa2 {[%emt 0:00:24]} 31. Rc6 {[%emt 0:01:00]} Qf2 {[%emt 0:00:03]} 32. Qg4 {[%emt 0:00:44]} Kh8 {[%emt 0:01:31]} 33. Rc7 {[%emt 0:01:34]} Qb6 {[%emt 0:00:26]} 34. e6 {[%emt 0:00:19]} Qxe6 {[%emt 0:00:24]} 35. Qxh4 {[%emt 0:00:58]} a6 {[%emt 0:00:34]} 36. Rc1 {[%emt 0:01:01]} Re8 {[%emt 0:00:47]} 37. Rd1 {[%emt 0:00:17]} Qg6 {[%emt 0:00:26]} 38. Rd6 {[%emt 0:00:51]} Re6 {[%emt 0:00:03]} 39. Rd5 {[%emt 0:00:07]} Qe4 {[%emt 0:01:07]} 40. Rd8+ {[%emt 0:00:54]} Kh7 {[%emt 0:30:04]} 41. Rd7 {[%emt 0:05:13]} Rg6 {[%emt 0:00:00]} 42. Bg3 {[%emt 0:00:50]} Qxh4+ {[%emt 0:00:00]} 43. Bxh4 {[%emt 0:01:06]} Be5+ {[%emt 0:00:00]} 44. Kg1 {[%emt 0:01:11]} Kg7 {[%emt 0:00:00]} 45. Rd5 {[%emt 0:00:25]} Bc7 {[%emt 0:00:00]} 46. Be1 {[%emt 0:00:13]} Rc6 {[%emt 0:00:00]} 47. Kf2 {[%emt 0:01:02]} Kg6 {[%emt 0:00:00]} 48. Bb4 {[%emt 0:02:00]} h5 {[%emt 0:00:00]} 49. Kf3 {[%emt 0:00:20]} f6 {[%emt 0:00:00]} 50. Rd7 {[%emt 0:00:10]} Be5 {[%emt 0:00:00]} 51. Rd8 {[%emt 0:00:25]} Rc4 {[%emt 0:00:00]} 52. Be1 {[%emt 0:00:32]} Bf4 {[%emt 0:00:00]} 53. Rg8+ {[%emt 0:00:36]} Kh7 {[%emt 0:00:00]} 54. Ra8 {[%emt 0:00:09]} Ra4 {[%emt 0:00:00]} 55. Bh4 {[%emt 0:00:42]} Bg5 {[%emt 0:01:08]} 56. Be1 {[%emt 0:00:09]} Kg6 {[%emt 0:00:24]} 57. Ra7 {[%emt 0:00:25]} Kf5 {[%emt 0:00:37]} 58. Rc7 {[%emt 0:00:08]} Ra3+ {[%emt 0:00:53]} 59. Ke2 {[%emt 0:00:08]} h4 {[%emt 0:02:44]} 60. Rc4 {[%emt 0:00:08]} h3 {[%emt 0:02:21]} 61. gxh3 {[%emt 0:00:05]} Rxh3 {[%emt 0:00:02]} 62. Ra4 {[%emt 0:00:09]} Re3+ {[%emt 0:00:09]} 63. Kf2 {[%emt 0:00:15]} Re6 {[%emt 0:00:07]} 64. Bc3 {[%emt 0:00:14]} Rc6 {[%emt 0:00:18]} 65. Bd4 {[%emt 0:00:33]} Ke6 {[%emt 0:00:33]} 66. Kf3 {[%emt 0:00:16]} Kd5 {[%emt 0:00:43]} 67. Bf2 {[%emt 0:00:16]} Bc1 {[%emt 0:03:31]} 68. Ra5+ {[%emt 0:00:19]} Ke6 {[%emt 0:00:11]} 69. Bd4 {[%emt 0:00:05]} Bd2 {[%emt 0:00:21]} 70. Ra2 {[%emt 0:00:08]} Bb4 {[%emt 0:00:16]} 71. Rh2 {[%emt 0:00:18]} a5 {[%emt 0:00:25]} 72. Bxf6 {[%emt 0:00:57]} Kd5 {[%emt 0:01:08]} 73. Bb2 {[%emt 0:00:46]} Re6 {[%emt 0:00:05]} 74. Re2 {[%emt 0:01:33]} Rh6 {[%emt 0:00:26]} 75. Rc2 {[%emt 0:00:26]} a4 {[%emt 0:00:47]} 76. Rc8 {[%emt 0:00:52]} Rh3+ {[%emt 0:00:08]} 77. Kg4 {[%emt 0:00:19]} Rb3 {[%emt 0:00:17]} 78. Bf6 {[%emt 0:00:15]} a3 {[%emt 0:01:16]} 79. Kf4 {[%emt 0:00:41]} Bd6+ {[%emt 0:00:46]} 80. Kf5 {[%emt 0:00:26]} Rf3+ {[%emt 0:00:39]} 81. Kg6 {[%emt 0:00:17]} a2 {[%emt 0:00:29]} 82. Rc1 {[%emt 0:01:50]} Rf2 {[%emt 0:00:32]} 83. Ba1 {[%emt 0:00:29]} Ba3 {[%emt 0:00:24]} 84. Rh1 {[%emt 0:01:09]} Bb2 {[%emt 0:00:24]} 0-1

[Event "Australian-ch 2018"]
[Site "Sydney"]
[Date "2018.01.04"]
[Round "4"]
[White "Reilly, Tim"]
[Black "Huynh, Arthur"]
[Result "1/2-1/2"]
[WhiteElo "2169"]
[BlackElo "2042"]
[Annotator "ChessBase"]
[PlyCount "57"]
[EventDate "2018.01.02"]
[EventType "tourn"]
[EventCountry "AUS"]
[SourceTitle "playchess.com"]
[Source "ChessBase"]
[SourceQuality "1"]
[TimeControl "40/5400+30:1800+30"]

1. d4 Nf6 2. c4 e6 3. Nc3 Bb4 4. e3 O-O 5. Nge2 d5 6. a3 Be7 7. cxd5 exd5 8. Nf4 c6 9. Bd3 Na6 10. O-O Nc7 11. b4 Ne6 12. Nxe6 Bxe6 13. Bd2 h6 14. Qe2 a5 15. b5 c5 16. dxc5 Bxc5 17. Na4 Rc8 18. Rfc1 Qd6 19. Nxc5 Rxc5 20. Bc3 Rfc8 21. Qb2 Ng4 22. g3 f6 23. Bd4 Rxc1+ 24. Rxc1 Rxc1+ 25. Qxc1 Ne5 26. Be2 Kf7 27. Qc3 Ke7 28. Kg2 Kd7 29. a4 1/2-1/2

[Event "Australian-ch 2018"]
[Site "Sydney"]
[Date "2018.01.04"]
[Round "4"]
[White "McNamara, Gary"]
[Black "Leaver, Kyle"]
[Result "0-1"]
[WhiteElo "2134"]
[BlackElo "1973"]
[Annotator "ChessBase"]
[PlyCount "130"]
[EventDate "2018.01.02"]
[EventType "tourn"]
[EventCountry "AUS"]
[SourceTitle "playchess.com"]
[Source "ChessBase"]
[SourceQuality "1"]
[TimeControl "40/5400+30:1800+30"]

1. e4 e6 2. d4 d5 3. e5 c5 4. c3 Nc6 5. Nf3 Qb6 6. a3 c4 7. Nbd2 Na5 8. g3 Bd7 9. Bh3 h6 10. Nh4 g5 11. Ng2 O-O-O 12. Qf3 Be8 13. Ne3 Kb8 14. Qe2 Bg7 15. f4 f5 16. O-O Ne7 17. Rf2 Rc8 18. Bf1 Ka8 19. Nf3 Nb3 20. Rb1 Bh5 21. Ng2 g4 22. Nfh4 Nxc1 23. Rxc1 Be8 24. Ne3 Ba4 25. Qd2 Bf8 26. Be2 h5 27. Bd1 Bxd1 28. Qxd1 Rg8 29. Qa4 Qc6 30. Qc2 Ng6 31. Nhxf5 exf5 32. Qxf5 Rh8 33. Qf7 Ne7 34. Re1 h4 35. Rg2 hxg3 36. hxg3 Qd7 37. f5 Rd8 38. Rf1 Bh6 39. Nxg4 Rdf8 40. Nxh6 Rxf7 41. Nxf7 Rh3 42. e6 Qe8 43. g4 a6 44. Rf4 Qg8 45. g5 Qh7 46. Nh6 Ka7 47. Rh2 Rg3+ 48. Rg2 Rh3 49. Rh2 Rg3+ 50. Rg2 Rxg5 51. Rxg5 Qxh6 52. Rgg4 Qf6 53. Kf2 Nxf5 54. e7 Qe6 55. e8=Q Qxe8 56. Rxf5 Qb5 57. Rf3 Qxb2+ 58. Kg3 Qxa3 59. Rg5 Qd6+ 60. Kg2 a5 61. Rff5 a4 62. Rxd5 Qc6 63. Kh2 b6 64. Rde5 a3 65. Rg2 Qh6+ 0-1

[Event "Australian-ch 2018"]
[Site "Sydney"]
[Date "2018.01.04"]
[Round "4"]
[White "Wright, Neil S"]
[Black "Parle, Hughston"]
[Result "0-1"]
[WhiteElo "2126"]
[BlackElo "1961"]
[Annotator "ChessBase"]
[PlyCount "72"]
[EventDate "2018.01.02"]
[EventType "tourn"]
[EventCountry "AUS"]
[SourceTitle "playchess.com"]
[Source "ChessBase"]
[SourceQuality "1"]
[TimeControl "40/5400+30:1800+30"]

1. e4 c5 2. d4 cxd4 3. c3 dxc3 4. Nxc3 Nc6 5. Nf3 d6 6. Bc4 a6 7. O-O Nf6 8. Bf4 Bg4 9. h3 Bxf3 10. Qxf3 e6 11. Rfd1 Qb8 12. Be2 Ne5 13. Bxe5 dxe5 14. Qg3 g6 15. Qe3 Be7 16. Na4 b5 17. Nb6 Ra7 18. Nc8 Rc7 19. Nxe7 Kxe7 20. g4 Rhc8 21. g5 Ne8 22. Qa3+ Rc5 23. Qxa6 Nd6 24. f3 Rc2 25. Bf1 R8c6 26. Qa5 b4 27. Qxe5 Qb6+ 28. Qd4 Qxd4+ 29. Rxd4 Rxb2 30. Rad1 Rxa2 31. e5 Nf5 32. Rd8 Rc7 33. Bb5 Ng7 34. Rg8 Ra5 35. Rb8 b3 36. Rdd8 Rxb5 0-1

[Event "Australian-ch 2018"]
[Site "Sydney"]
[Date "2018.01.04"]
[Round "4"]
[White "Willathgamuwa, Kevin"]
[Black "Brown, Andrew"]
[Result "0-1"]
[WhiteElo "2113"]
[BlackElo "2293"]
[Annotator "ChessBase"]
[PlyCount "114"]
[EventDate "2018.01.02"]
[EventType "tourn"]
[EventCountry "AUS"]
[SourceTitle "playchess.com"]
[Source "ChessBase"]
[SourceQuality "1"]
[TimeControl "40/5400+30:1800+30"]

1. e4 e5 2. Nf3 Nc6 3. d4 exd4 4. Bc4 Bc5 5. c3 d6 6. cxd4 Bb6 7. O-O Bg4 8. Bb5 a6 9. Bxc6+ bxc6 10. Be3 Ne7 11. h3 Bxf3 12. Qxf3 O-O 13. Nc3 f5 14. exf5 Rxf5 15. Qg4 Qd7 16. h4 Nd5 17. Nxd5 cxd5 18. Rac1 Re8 19. Rc3 Re4 20. Qh3 Rf7 21. Qxd7 Rxd7 22. Rd1 Rxh4 23. f3 g5 24. g3 Rh6 25. Bxg5 Rg6 26. Bf4 Rf7 27. Kf2 h5 28. Be3 Rgf6 29. f4 Kg7 30. Kf3 Kg6 31. g4 hxg4+ 32. Kxg4 Rh7 33. Rg1 Rh2 34. Kf3+ Kf5 35. Rg5+ Ke6 36. Rg2 Rxg2 37. Kxg2 Kf5 38. Kf3 Rh6 39. b4 Rh3+ 40. Kg2 Kg4 41. a4 a5 42. b5 Rh7 43. Bg1 Kxf4 44. Rf3+ Ke4 45. Re3+ Kf5 46. Rf3+ Ke6 47. Re3+ Kd7 48. Rh3 Re7 49. Re3 Re4 50. Rxe4 dxe4 51. Kg3 Ke6 52. Kf4 Kd5 53. Be3 Bxd4 54. Bd2 Bb6 55. Be1 Kd4 56. Kf5 Kd3 57. Ke6 e3 0-1

[Event "Australian-ch 2018"]
[Site "Sydney"]
[Date "2018.01.04"]
[Round "4"]
[White "Winkelman, Albert"]
[Black "O'Connell, Kevin J"]
[Result "1-0"]
[WhiteElo "2017"]
[BlackElo "2328"]
[Annotator "ChessBase"]
[PlyCount "83"]
[EventDate "2018.01.02"]
[EventType "tourn"]
[EventCountry "AUS"]
[SourceTitle "playchess.com"]
[Source "ChessBase"]
[SourceQuality "1"]
[TimeControl "40/5400+30:1800+30"]

1. e4 c5 2. Nf3 d6 3. d4 cxd4 4. Nxd4 Nf6 5. Nc3 a6 6. h3 e5 7. Nde2 Be7 8. g4 Be6 9. Bg2 Nc6 10. Be3 Na5 11. b3 Nc6 12. O-O h5 13. g5 Nh7 14. h4 f6 15. g6 Nf8 16. f4 Nxg6 17. f5 Nxh4 18. fxe6 Nxg2 19. Kxg2 Qc8 20. Nd5 Bd8 21. Ng3 Qxe6 22. Nf5 Kf7 23. Nb6 Bxb6 24. Bxb6 g6 25. Nxd6+ Kg7 26. Kh2 Rad8 27. Bxd8 Rxd8 28. Nf5+ gxf5 29. Qxh5 fxe4 30. Rg1+ Kf8 31. Qh8+ Ke7 32. Rg7+ Kd6 33. Rd1+ Kc5 34. Rxd8 Qf5 35. Kg1 e3 36. Rg2 Qf3 37. Rd3 e4 38. Rc3+ Kb4 39. Rc4+ Ka3 40. Ra4+ Kb2 41. Qh4 f5 42. Qe1 1-0

[Event "Australian-ch 2018"]
[Site "Sydney"]
[Date "2018.01.04"]
[Round "4"]
[White "Hardegen, Andrew"]
[Black "Yang, Ray"]
[Result "1/2-1/2"]
[WhiteElo "1999"]
[BlackElo "2003"]
[Annotator "NA"]
[PlyCount "132"]
[EventDate "2018.01.02"]
[EventType "tourn"]
[EventCountry "AUS"]
[SourceTitle "playchess.com"]
[Source "ChessBase"]
[SourceQuality "1"]
[TimeControl "40/5400+30:1800+30"]

1. d4 Nf6 2. c4 g6 3. Nc3 d5 4. cxd5 Nxd5 5. e4 Nxc3 6. bxc3 Bg7 7. Nf3 c5 8. Rb1 O-O 9. Be2 cxd4 10. cxd4 Qa5+ 11. Bd2 Qxa2 12. O-O Qe6 13. Bd3 b6 14. d5 Qd7 15. Qe2 Bb7 16. Rfc1 Rc8 17. Bc4 Qd8 18. Bg5 h6 19. Bf4 a5 20. Qe3 g5 21. Be5 Bxe5 22. Nxe5 Nd7 23. Nxd7 Qxd7 24. Qxb6 Rcb8 25. Qxh6 Qg4 26. Bd3 Bc8 27. e5 Qh4 28. Qxh4 gxh4 29. f4 a4 30. Rxb8 Rxb8 31. Rc7 a3 32. Ra7 Rb3 33. Ra8 a2 34. Rxc8+ Kg7 35. Rc1 Rxd3 36. Ra1 Ra3 37. Kf2 Kg6 38. g4 hxg3+ 39. hxg3 Kf5 40. Kg2 f6 41. exf6 Kxf6 42. Kh3 Kf5 43. Kh4 Ke4 44. Kg4 Kxd5 45. Kf5 e6+ 46. Kf6 Ra4 47. Rd1+ Ke4 48. Ra1 Ra6 49. Kg5 Kf3 50. g4 Ra4 51. Rf1+ Ke3 52. Ra1 Kf3 53. Rf1+ Ke4 54. Re1+ Kd5 55. Ra1 Kd6 56. f5 exf5 57. gxf5 Ke7 58. Kg6 Rg4+ 59. Kh5 Rg2 60. Kh4 Kf6 61. Kh3 Rb2 62. Kg3 Kxf5 63. Kf3 Ke5 64. Ke3 Rb3+ 65. Kd2 Rh3 66. Kc2 Kd4 1/2-1/2